The effect of earthworm utilization in feed ingredient on growth rate on avian broiler at royal university of agriculture, ប្រសិទ្ធភាពនៃការបន្ថែមជន្លេនក្នុងចំណីផ្សំទៅលើការ​លូតលាស់របស់មាន់ពូជAVIAN នៅក្នុងស្ថានីយ៍ចិញ្ចឹមសត្វនៃសាកលវិទ្យាល័យភូមិន្ទកសិកម្ម (Record no. 2158)

000 -LEADER
fixed length control field 00859nam a22001577a 4500
003 - CONTROL NUMBER IDENTIFIER
control field OSt
005 - DATE AND TIME OF LATEST TRANSACTION
control field 20151007151723.0
008 - FIXED-LENGTH DATA ELEMENTS--GENERAL INFORMATION
fixed length control field 151007b xxu||||| |||| 00| 0 eng d
040 ## - CATALOGING SOURCE
Transcribing agency RUA
082 ## - DEWEY DECIMAL CLASSIFICATION NUMBER
Classification number AVM SIN 2006 B076 Or.1
100 ## - MAIN ENTRY--PERSONAL NAME
9 (RLIN) 2290
Personal name SIN, SOKCHAMREUN.
245 ## - TITLE STATEMENT
Title The effect of earthworm utilization in feed ingredient on growth rate on avian broiler at royal university of agriculture, ប្រសិទ្ធភាពនៃការបន្ថែមជន្លេនក្នុងចំណីផ្សំទៅលើការ​លូតលាស់របស់មាន់ពូជAVIAN នៅក្នុងស្ថានីយ៍ចិញ្ចឹមសត្វនៃសាកលវិទ្យាល័យភូមិន្ទកសិកម្ម
260 ## - PUBLICATION, DISTRIBUTION, ETC. (IMPRINT)
Place of publication, distribution, etc. Phnom Penh
Name of publisher, distributor, etc. RUA
Date of publication, distribution, etc. 2006
300 ## - PHYSICAL DESCRIPTION
Extent 42p.
Other physical details ill.
Dimensions 29cm.
942 ## - ADDED ENTRY ELEMENTS (KOHA)
Source of classification or shelving scheme
Koha item type AVM
Holdings
Price effective from Date last seen Permanent Location Not for loan Date acquired Source of classification or shelving scheme Koha item type Lost status Withdrawn status Date last checked out Total Checkouts Shelving location Damaged status Barcode Current Location Full call number
2015-10-072015-10-07Library Block B 2015-10-07 AVM    B076 RUA008702Library Block BAVM SIN 2006 B076 Or.1
2015-10-072015-10-07Library Block B 2015-10-07 AVM    B076 RUA008789Library Block BAVM SIN 2006 B076 Or.2
2015-10-072018-11-12Library Block B 2015-10-07 AVM  2018-11-022  RUA007869Library Block BAVM SIN 2006 B076 Or.3
មជ្ឈមណ្ឌលឯការនៃសាកលវិទ្យាល័យភូមិន្ទកសិកម្មចំការដូង

Powered by Koha